000 00784nam a22002417c 4500
001 000030519
003 RuMoIPM
005 20260507111324.0
008 220915s1981 ru ||||| |||| 00| 0 rus d
035 _a(RuMoBEN) 001738147
040 _aRuMoBEN
_brus
_ercr
041 _arus
044 _aru
080 _a51(075.8)
080 _a517.1
245 _aСпециальные разделы математического анализа
260 _c1981
300 _a368 с.
700 1 _aЕфимов, Александр Васильевич
_eред.
700 1 _aДемидович, Борис Павлович
_eред.
773 1 8 _dМосква: Наука, 1981-
_tСборник задач по математике для втузов
_w000030517
942 _cBK
999 _c30519
_d30519